San Antonio Spurs 2016-17 Roster - Statistics

General Stats
  • This quiz has been taken 360 times
    320 since last reset
  • The average score is 9 of 16
Answer Stats
Nbr Post Player % Correct
2 Forward Kawhi Leonard
95%
9 Guard Tony Parker
94%
20 Guard Manu Ginobili
89%
12 Forward LaMarcus Aldridge
88%
- Head Coach Gregg Popovich
78%
14 Guard-Forward Danny Green
73%
8 Guard Patty Mills
68%
16 Center Pau Gasol
67%
5 Guard Dejounte Murray
58%
1 Guard-Forward Kyle Anderson
44%
17 Guard-Forward Jonathon Simmons
38%
10 Forward-Center David Lee
34%
42 Forward Davis Bertans
34%
3 Center Dewayne Dedmon
33%
11 Guard Bryn Forbes
32%
30 Center Joel Anthony
20%
No matching quizzes found
Score Distribution
Percent of People with Each Score
Percentile by Number Answered
Your Score History
You have not taken this quiz since the last reset